MARC

Tag First Indicator Second Indicator Subfields
LEADER 00000cam a2200000 i 4500
001 in00000808113
005 20151017095717.0
008 780311s1978 dcua f00010 eng d
010 |a gp 79015781  
020 |c pbk. 
035 |a (OCoLC)03712114 
035 |9 ADT2295AM 
037 |b 20590 
040 |a GPO  |c GPO  |d MvI-ran  |d MvI-ran  |d UtOrBLW 
074 |a 982-D-1 
086 |a TD 8.2:N 73 
110 1 |a United States.  |b National Highway Traffic Safety Administration.  |b Office of Driver and Pedestrian Programs. 
245 1 0 |a Nonresident violater compact of 1977. 
264 1 |a [Washington] :  |b Dept. of Transportation, National Highway Traffic Safety Administration, Traffic Safety Programs, Office of Driver and Pedestrian Programs,  |c 1978. 
300 |a 5 unnumbered pages, 22 pages :  |b illustrations ;  |c 23 cm. 
336 |a text  |b txt  |2 rdacontent 
337 |a unmediated  |b n  |2 rdamedia 
338 |a volume  |b nc  |2 rdacarrier 
490 0 |a DOT HS 803 027 
500 |a Issued Jan. 1978. 
650 0 |a Traffic violations. 
999 |a MARS 
999 f f |s d5253508-4eef-3f29-a97f-eeec38443293  |i 04348bf0-e896-3148-a835-03e8d1987756  |t 0 
952 f f |p normal  |a Texas A&M University  |b College Station  |c Sterling C. Evans Library  |d Evans: US Documents (Annex 5th floor)  |t 0  |e TD 8.2:N 73  |h Superintendent of Documents classification  |i unmediated -- volume  |m A14838128855 
998 f f |a TD 8.2:N 73  |t 0  |l Evans: US Documents (Annex 5th floor)